| 000 | 00860nam a2200253 i 4500 | ||
|---|---|---|---|
| 001 | 169084 | ||
| 003 | ES-MaACL | ||
| 005 | 20250812062535.0 | ||
| 008 | 080807s19541954sp |||| | spa d | ||
| 080 | _a1 | ||
| 100 | 1 |
_aCandau, Alfonso. _934443 |
|
| 245 | 1 | 3 |
_aEl hombre y su razón / _cAlfonso Candau. |
| 260 |
_aMadrid : _bAteneo, _c1954. |
||
| 300 |
_a42 p. : _b1 lam. ; _c19 cm. |
||
| 490 | 1 |
_aColección "O crece o muere" ; _v68 |
|
| 500 | _aEl original fue dado a conocer por el autor, en el Ateneo de Madrid el día 30 de mayo de 1952. | ||
| 610 | 2 |
_aAteneo de Madrid- _vConferencias- _y1940-1982. _91908 |
|
| 650 | 0 | 7 |
_aFilosofía _2embne _912802 |
| 830 | 0 | 0 |
_aColección "O crece o muere" _v68 _9183476 |
| 852 |
_aES-MaACL _jJ-24(68) _9175694 _cDEPO2 |
||
| 852 |
_aES-MaACL _9175694 _jJ-25(68) _cDEPO2 |
||
| 942 | _2udc | ||
| 999 |
_c169084 _d169084 |
||